000 005900000a22001930004500
020 _a0-201-03276-7
041 0 _aENG
082 0 4 _aG 158.9 J272t
100 1 _aJames, Muriel
245 1 0 _aTransactional analysis for moms and dads. What do you do with them - Now that yuo've got them?/ Muriel James
260 _aReading, Massachussets, USA : Addison-Wesley
300 _a148 Pag.
650 1 4 _aPADRES E HIJOS \ ANALISIS TRANSACCIONAL
001 954
942 _cBK
999 _c32346
_d32346
336 _atexto
_btxt
_2rdacontent
337 _2rdamedia
_asin mediación
_bn
338 _2rdacarrier
_avolumen
_bnc